[Event "Montreal Mercredi 10"]
[Site "Montreal CAN"]
[Date "2012.10.17"]
[Round "3"]
[White "Baran, Marius"]
[Black "Munshi, Shawkat"]
[Result "1-0"]
[WhiteElo "1739"]
[BlackElo "1614"]
[PlyCount "123"]
[GameId "2160767909444981"]
[EventDate "2012.10.03"]
[EventType "swiss"]
[EventRounds "5"]
[EventCountry "CAN"]
[SourceTitle "EXT 2022"]
[Source "ChessBase"]
[SourceDate "2021.10.06"]
[SourceVersion "1"]
[SourceVersionDate "2021.10.06"]
[SourceQuality "1"]

1. d4 Nf6 2. e3 e6 3. Bd3 b6 4. Nd2 Bb7 5. f3 d5 6. Nh3 c5 7. c3 Nbd7 8. O-O c4 9. Bc2 b5 10. a3 g6 11. Nf2 Bg7 12. f4 O-O 13. Qf3 a5 14. g4 Qc7 15. g5 Ne8 16. Ng4 Nd6 17. h4 f5 18. gxf6 Nxf6 19. Nxf6+ Rxf6 20. Qg2 Nf5 21. Nf3 Kh8 22. Bd2 Rg8 23. Kf2 Bf8 24. Rh1 Bd6 25. Rag1 Rg7 26. Ke2 Qe7 27. Qh3 Kg8 28. Be1 b4 29. axb4 axb4 30. h5 gxh5 31. Nh4 Qf7 32. cxb4 Bc6 33. Rg5 Ne7 34. Rhg1 Ng6 35. Nxg6 hxg6 36. Qg2 Be7 37. Bxg6 Rfxg6 38. Rxg6 Rxg6 39. Qxg6+ Qxg6 40. Rxg6+ Kf7 41. Rh6 h4 42. Bxh4 Bxb4 43. Rh7+ Kg6 44. Rc7 Ba4 45. Be7 Bxe7 46. Rxe7 Kf5 47. Rg7 Bc2 48. Rg5+ Kf6 49. Kd2 Be4 50. Kc3 Kf7 51. Kb4 Ke7 52. Kc5 Kf6 53. Kd6 Bf5 54. Kd7 Bh3 55. Rh5 Bg4 56. Rh6+ Kf7 57. Kd6 Bf5 58. Ke5 Ke7 59. Rh5 Bg4 60. Rh7+ Kd8 61. Kd6 Ke8 62. Re7+ 1-0

[Event "Montreal Mercredi 10"]
[Site "Montreal CAN"]
[Date "2012.10.17"]
[Round "3"]
[White "Barko, Maxim"]
[Black "Gauthier, Luc"]
[Result "1-0"]
[WhiteElo "1751"]
[BlackElo "1743"]
[PlyCount "85"]
[GameId "2160767909444982"]
[EventDate "2012.10.03"]
[EventType "swiss"]
[EventRounds "5"]
[EventCountry "CAN"]
[SourceTitle "EXT 2022"]
[Source "ChessBase"]
[SourceDate "2021.10.06"]
[SourceVersion "1"]
[SourceVersionDate "2021.10.06"]
[SourceQuality "1"]

1. Nf3 d5 2. d3 Nc6 3. Nbd2 e5 4. g3 Nf6 5. e4 Bg4 6. Bg2 Be7 7. c3 O-O 8. h3 Bh5 9. g4 dxe4 10. gxh5 exf3 11. Qxf3 Re8 12. h4 e4 13. dxe4 Ne5 14. Qe2 Nd3+ 15. Kf1 Bc5 16. Nb3 Nxf2 17. Nxc5 Nxh1 18. Bxh1 Qe7 19. Be3 c6 20. Re1 Rad8 21. h6 g6 22. Bd4 Nh5 23. Qf2 b6 24. Nb3 c5 25. Be3 Qe5 26. Kg1 Qg3+ 27. Bg2 Rxe4 28. Qxg3 Nxg3 29. Bxe4 Nxe4 30. Bg5 Nxg5 31. hxg5 Kf8 32. Kf2 Rd5 33. Rg1 a5 34. a4 Re5 35. Rg4 f5 36. Rf4 Rd5 37. Ke2 Kf7 38. Nd2 Re5+ 39. Kf2 Ke6 40. Nc4 Re4 41. Rxe4+ fxe4 42. Ne3 Ke5 43. Kg3 1-0

[Event "Montreal Mercredi 10"]
[Site "Montreal CAN"]
[Date "2012.10.17"]
[Round "3"]
[White "Cardin, Guillaume"]
[Black "Tremblay, Alain"]
[Result "0-1"]
[WhiteElo "2021"]
[BlackElo "2072"]
[PlyCount "70"]
[GameId "2160767909444983"]
[EventDate "2012.10.03"]
[EventType "swiss"]
[EventRounds "5"]
[EventCountry "CAN"]
[SourceTitle "EXT 2022"]
[Source "ChessBase"]
[SourceDate "2021.10.06"]
[SourceVersion "1"]
[SourceVersionDate "2021.10.06"]
[SourceQuality "1"]

1. e4 e5 2. Nf3 Nf6 3. d4 exd4 4. e5 Ne4 5. Nxd4 d5 6. Bd3 Be7 7. O-O O-O 8. c3 c5 9. Nb3 Nc6 10. f4 f5 11. Bxe4 fxe4 12. Be3 b6 13. Na3 a5 14. Qc2 Ba6 15. Rfd1 Bd3 16. Rxd3 exd3 17. Qxd3 a4 18. Nd2 Kh8 19. Nf3 d4 20. cxd4 cxd4 21. Bd2 Qd5 22. Nc4 Qb5 23. Rb1 Rac8 24. b3 Nb4 25. Bxb4 Qxb4 26. Ng5 Bxg5 27. fxg5 axb3 28. axb3 Qc5 29. h3 Rce8 30. Rf1 Rxf1+ 31. Kxf1 b5 32. Nd6 Qc1+ 33. Kf2 Rf8+ 34. Nf5 Qf4+ 35. Kg1 Qxf5 0-1

[Event "Montreal Mercredi 10"]
[Site "Montreal CAN"]
[Date "2012.10.17"]
[Round "3"]
[White "Chabot, Roland"]
[Black "Chiku-Ratte, Olivier-Kenta"]
[Result "1/2-1/2"]
[WhiteElo "2119"]
[BlackElo "2174"]
[PlyCount "139"]
[GameId "2160767909444984"]
[EventDate "2012.10.03"]
[EventType "swiss"]
[EventRounds "5"]
[EventCountry "CAN"]
[SourceTitle "EXT 2022"]
[Source "ChessBase"]
[SourceDate "2021.10.06"]
[SourceVersion "1"]
[SourceVersionDate "2021.10.06"]
[SourceQuality "1"]

1. Nf3 Nf6 2. c4 c5 3. g3 Nc6 4. Bg2 g6 5. b3 Bg7 6. Bb2 O-O 7. Nc3 d6 8. O-O Rb8 9. e3 Bf5 10. d3 a6 11. h3 b5 12. e4 Bd7 13. Re1 Ne8 14. Qd2 Qa5 15. Nd1 Qxd2 16. Nxd2 Nb4 17. Bxg7 Nxg7 18. Ne3 Nxd3 19. Red1 Be6 20. Bf1 Nb4 21. f4 f5 22. Kh2 fxe4 23. Nxe4 Nf5 24. Nxf5 Bxf5 25. Nd2 Nc2 26. Rac1 Nd4 27. Re1 Kf7 28. Bg2 Be6 29. Ne4 h6 30. Nd2 a5 31. cxb5 Rxb5 32. Rc3 Bd7 33. Nf3 Nxf3+ 34. Bxf3 a4 35. Rce3 Re8 36. g4 axb3 37. axb3 e6 38. f5 exf5 39. Rxe8 Bxe8 40. Rxe8 fxg4 41. Bc6 Rxb3 42. hxg4 Rd3 43. Rc8 Kf6 44. Rg8 Kg5 45. Be8 Kxg4 46. Rxg6+ Kf4 47. Rxh6 Rd2+ 48. Kg1 Ke5 49. Bf7 Rd1+ 50. Kf2 Rd2+ 51. Ke3 Rd4 52. Rh5+ Kf6 53. Bg8 Ke7 54. Rh7+ Kf6 55. Rh5 Rg4 56. Bd5 Rg7 57. Ke4 Rg1 58. Rh6+ Ke7 59. Rh7+ Ke8 60. Bc6+ Kf8 61. Kd5 Rd1+ 62. Ke6 c4 63. Rf7+ Kg8 64. Rc7 c3 65. Bd5 Rf1 66. Rxc3 Kg7 67. Rg3+ Kh6 68. Kxd6 Rf6+ 69. Ke5 Rg6 70. Rxg6+ 1/2-1/2

[Event "Montreal Mercredi 10"]
[Site "Montreal CAN"]
[Date "2012.10.17"]
[Round "3"]
[White "Cloutier, Mathieu"]
[Black "Weston, Paul"]
[Result "0-1"]
[WhiteElo "2072"]
[BlackElo "1970"]
[PlyCount "94"]
[GameId "2160767909444985"]
[EventDate "2012.10.03"]
[EventType "swiss"]
[EventRounds "5"]
[EventCountry "CAN"]
[SourceTitle "EXT 2022"]
[Source "ChessBase"]
[SourceDate "2021.10.06"]
[SourceVersion "1"]
[SourceVersionDate "2021.10.06"]
[SourceQuality "1"]

1. e4 e5 2. Nf3 Nc6 3. Bb5 a6 4. Ba4 Nf6 5. O-O Nxe4 6. d4 d5 7. Nxe5 Bd7 8. Nxd7 Qxd7 9. c4 Be7 10. Qb3 b5 11. cxb5 Nxd4 12. bxa6 Nxb3 13. Bxd7+ Kxd7 14. axb3 Nc5 15. Nc3 c6 16. Na4 Nxa4 17. Rxa4 Rhb8 18. Be3 Rxb3 19. Bd4 f6 20. Rc1 Rb4 21. Rca1 Rxa4 22. Rxa4 c5 23. Be3 Kc6 24. Kf1 Kb5 25. Rg4 g5 26. h4 h6 27. hxg5 hxg5 28. Rg3 Rxa6 29. Rh3 d4 30. Bd2 c4 31. Rh7 Re6 32. f4 gxf4 33. Bxf4 c3 34. bxc3 dxc3 35. Kf2 Kc4 36. Rh1 c2 37. Bc1 Bc5+ 38. Kf3 Kd3 39. g4 Be3 40. Re1 Bxc1 41. Rxe6 Bg5 42. Rd6+ Kc3 43. Rc6+ Kb3 44. Rb6+ Ka4 45. Rc6 c1=Q 46. Rxc1 Bxc1 47. Ke4 Bg5 0-1

[Event "Montreal Mercredi 10"]
[Site "Montreal CAN"]
[Date "2012.10.17"]
[Round "3"]
[White "Dion, Etienne"]
[Black "Nardone, Raul"]
[Result "0-1"]
[WhiteElo "1867"]
[BlackElo "1821"]
[PlyCount "142"]
[GameId "2160767909444986"]
[EventDate "2012.10.03"]
[EventType "swiss"]
[EventRounds "5"]
[EventCountry "CAN"]
[SourceTitle "EXT 2022"]
[Source "ChessBase"]
[SourceDate "2021.10.06"]
[SourceVersion "1"]
[SourceVersionDate "2021.10.06"]
[SourceQuality "1"]

1. e4 c5 2. Nf3 e6 3. d3 Nc6 4. g3 Rb8 5. Bg2 Nf6 6. O-O b5 7. Re1 e5 8. Nc3 d6 9. h3 Be7 10. a4 bxa4 11. Rxa4 Bd7 12. Ra1 O-O 13. Nd2 Qc8 14. Kh2 Qb7 15. Nc4 Nd4 16. f4 Nc6 17. f5 Nd4 18. g4 h6 19. Ne3 Bc6 20. h4 Nh7 21. Kg3 Kh8 22. Ned5 f6 23. Bf3 Ra8 24. Rh1 Kg8 25. Rh2 Rfe8 26. Qf1 Nb5 27. Kf2 Nxc3 28. Nxc3 Rad8 29. Qg2 a5 30. Rxa5 Ra8 31. Rxa8 Rxa8 32. Rh1 Qb4 33. Kg3 Bd8 34. Rf1 Qb7 35. Kh2 Qb4 36. Nd5 Qb7 37. c3 Ra2 38. Bd1 Ra1 39. Bc2 Ra2 40. Qf3 Bxd5 41. exd5 Rxb2 42. Bxb2 Qxb2 43. Rf2 Qxc3 44. Ba4 Nf8 45. Qe4 Ba5 46. Rg2 Qc1 47. Qe2 Qf4+ 48. Kh3 Qxa4 49. g5 hxg5 50. hxg5 fxg5 51. Rxg5 Qf4 52. Qg2 g6 53. fxg6 Bd8 54. Rh5 Kg7 55. Qe4 Qf1+ 56. Kh2 Qf2+ 57. Kh3 Nxg6 58. Qg4 Qf1+ 59. Kh2 Qf4+ 60. Kh3 Qxg4+ 61. Kxg4 Nf4 62. Rh1 Nxd3 63. Kf5 Nf4 64. Rg1+ Kf7 65. Rh1 Bf6 66. Rd1 Ne2 67. Rd2 Nd4+ 68. Ke4 c4 69. Rg2 c3 70. Kd3 c2 71. Rg1 Bg5 0-1

[Event "Montreal Mercredi 10"]
[Site "Montreal CAN"]
[Date "2012.10.17"]
[Round "3"]
[White "Lacroix, Serge"]
[Black "Lalonde, Paul"]
[Result "1/2-1/2"]
[WhiteElo "1784"]
[BlackElo "1888"]
[PlyCount "100"]
[GameId "2160767909444987"]
[EventDate "2012.10.03"]
[EventType "swiss"]
[EventRounds "5"]
[EventCountry "CAN"]
[SourceTitle "EXT 2022"]
[Source "ChessBase"]
[SourceDate "2021.10.06"]
[SourceVersion "1"]
[SourceVersionDate "2021.10.06"]
[SourceQuality "1"]

1. e4 e5 2. Nf3 Nc6 3. Bb5 Bc5 4. O-O Nge7 5. c3 a6 6. Ba4 b5 7. Bb3 d5 8. exd5 Nxd5 9. d4 exd4 10. cxd4 Be7 11. Nc3 Nxc3 12. bxc3 Bg4 13. Re1 O-O 14. Qd3 Bh5 15. Bf4 Bg6 16. Qe3 Na5 17. Ne5 Bd6 18. Nxg6 hxg6 19. Bxd6 Qxd6 20. Qg5 Rfe8 21. h4 Nxb3 22. axb3 b4 23. cxb4 Qxb4 24. Rxe8+ Rxe8 25. g3 Qxd4 26. Rf1 Re5 27. Qc1 Rc5 28. Qe1 Re5 29. Qc1 c5 30. Rd1 Qb4 31. Qa1 Re6 32. Qa4 Qxa4 33. bxa4 Rc6 34. Rd8+ Kh7 35. Rd3 Kh6 36. Kf1 g5 37. hxg5+ Kxg5 38. Ke2 Kf5 39. Rf3+ Kg6 40. Kd3 f5 41. Kc4 Rb6 42. Rd3 Kg5 43. Rd5 Kg4 44. f3+ Kxg3 45. Rxf5 g6 46. Rf8 Re6 47. Kxc5 Re5+ 48. Kb6 Rf5 49. Rxf5 gxf5 50. Kxa6 Kxf3 1/2-1/2

[Event "Montreal Mercredi 10"]
[Site "Montreal CAN"]
[Date "2012.10.17"]
[Round "3"]
[White "Levkovsky, Alexandre"]
[Black "Arsenault, Nicolas"]
[Result "1-0"]
[WhiteElo "2247"]
[BlackElo "2109"]
[PlyCount "125"]
[GameId "2160767909444988"]
[EventDate "2012.10.03"]
[EventType "swiss"]
[EventRounds "5"]
[EventCountry "CAN"]
[SourceTitle "EXT 2022"]
[Source "ChessBase"]
[SourceDate "2021.10.06"]
[SourceVersion "1"]
[SourceVersionDate "2021.10.06"]
[SourceQuality "1"]

1. e4 e6 2. d4 d5 3. Nd2 Nf6 4. e5 Nfd7 5. Bd3 c5 6. c3 Nc6 7. Ne2 cxd4 8. cxd4 f6 9. exf6 Nxf6 10. Nf3 Bd6 11. O-O Qc7 12. Nc3 a6 13. Bg5 O-O 14. Rc1 Bd7 15. Re1 Bf4 16. Bxf4 Qxf4 17. Ne2 Qd6 18. Ng3 Qf4 19. Bb1 Rae8 20. Qd3 Re7 21. Rcd1 Be8 22. Qe3 Ng4 23. Qxf4 Rxf4 24. h3 Nh6 25. Re3 Rf6 26. Ne5 Nxe5 27. Rxe5 Nf7 28. Re3 Nd8 29. Ne2 Ref7 30. f4 Bb5 31. Bd3 Bxd3 32. Rdxd3 Rc7 33. Rc3 Rxc3 34. Rxc3 Nc6 35. Kf2 g5 36. Rg3 h6 37. h4 Rf5 38. hxg5 hxg5 39. Rxg5+ Rxg5 40. fxg5 Kg7 41. Ke3 Kg6 42. Kf4 Nb4 43. Ke5 Kf7 44. Kd6 Nxa2 45. Nf4 Nb4 46. Nxe6 Kg6 47. Nf4+ Kxg5 48. Nxd5 Nd3 49. b3 Kf5 50. Nc3 Nc1 51. b4 Nd3 52. b5 axb5 53. Nxb5 Nf4 54. g3 Ne2 55. d5 Nxg3 56. Kc7 Ne4 57. Nd6+ Nxd6 58. Kxd6 b5 59. Kc5 b4 60. Kxb4 Kf6 61. Kc5 Ke7 62. Kc6 Kd8 63. Kd6 1-0

[Event "Montreal Mercredi 10"]
[Site "Montreal CAN"]
[Date "2012.10.17"]
[Round "3"]
[White "Lopez Linares, Cesar"]
[Black "Cote, Philippe"]
[Result "1/2-1/2"]
[WhiteElo "1732"]
[BlackElo "1739"]
[PlyCount "52"]
[GameId "2160767909444989"]
[EventDate "2012.10.03"]
[EventType "swiss"]
[EventRounds "5"]
[EventCountry "CAN"]
[SourceTitle "EXT 2022"]
[Source "ChessBase"]
[SourceDate "2021.10.06"]
[SourceVersion "1"]
[SourceVersionDate "2021.10.06"]
[SourceQuality "1"]

1. d4 d6 2. Nf3 Nf6 3. c4 g6 4. Nc3 Bg7 5. e4 O-O 6. Be2 e5 7. O-O Nc6 8. d5 Ne7 9. Ne1 Nd7 10. g4 f5 11. f3 Kh8 12. Be3 Ng8 13. Nd3 Bh6 14. Qd2 f4 15. Bf2 Bg5 16. c5 Bh4 17. Qe1 Bxf2+ 18. Qxf2 g5 19. cxd6 cxd6 20. Nb5 Nb6 21. Rac1 Rf7 22. Rc2 a6 23. Nc7 Rxc7 24. Qxb6 Rd7 25. Qxd8 Rxd8 26. Rc7 Nf6 1/2-1/2

[Event "Montreal Mercredi 10"]
[Site "Montreal CAN"]
[Date "2012.10.17"]
[Round "3"]
[White "O'Connor, Michael"]
[Black "Millette, Sylvain"]
[Result "0-1"]
[WhiteElo "1691"]
[BlackElo "1668"]
[PlyCount "88"]
[GameId "2160767909444990"]
[EventDate "2012.10.03"]
[EventType "swiss"]
[EventRounds "5"]
[EventCountry "CAN"]
[SourceTitle "EXT 2022"]
[Source "ChessBase"]
[SourceDate "2021.10.06"]
[SourceVersion "1"]
[SourceVersionDate "2021.10.06"]
[SourceQuality "1"]

1. d4 Nf6 2. Nf3 g6 3. c4 Bg7 4. Nc3 d5 5. Qb3 dxc4 6. Qxc4 a6 7. Bf4 c6 8. e3 O-O 9. Be2 Be6 10. Qd3 b5 11. a3 Nbd7 12. O-O Nb6 13. Ne5 Rc8 14. b4 Nfd5 15. Nxd5 cxd5 16. Rfc1 f6 17. Nc6 Qd7 18. Na5 Bf5 19. Qd1 e5 20. Bg3 exd4 21. Qxd4 Nc4 22. Nb3 Be6 23. Nc5 Rxc5 24. bxc5 f5 25. Qd1 Bxa1 26. Rxa1 Rd8 27. Qd4 Qg7 28. Bxc4 Qxd4 29. exd4 dxc4 30. Be5 Bd5 31. f3 Rd7 32. Re1 a5 33. Bd6 b4 34. axb4 axb4 35. Re8+ Kg7 36. c6 Rxd6 37. c7 Bb7 38. Rb8 Ba6 39. Ra8 Rc6 40. d5 Rxc7 41. Rxa6 c3 42. Ra1 c2 43. Rc1 b3 44. d6 Rd7 0-1

[Event "Montreal Mercredi 10"]
[Site "Montreal CAN"]
[Date "2012.10.17"]
[Round "3"]
[White "Rondon, Luciano"]
[Black "Boudreau, Daniel"]
[Result "0-1"]
[WhiteElo "2014"]
[BlackElo "2027"]
[PlyCount "68"]
[GameId "2160767909444991"]
[EventDate "2012.10.03"]
[EventType "swiss"]
[EventRounds "5"]
[EventCountry "CAN"]
[SourceTitle "EXT 2022"]
[Source "ChessBase"]
[SourceDate "2021.10.06"]
[SourceVersion "1"]
[SourceVersionDate "2021.10.06"]
[SourceQuality "1"]

1. d4 Nf6 2. c4 e6 3. Nf3 c5 4. g3 cxd4 5. Nxd4 Nc6 6. Bg2 Bb4+ 7. Nc3 Bxc3+ 8. bxc3 Qa5 9. O-O O-O 10. Qb3 a6 11. Ba3 Re8 12. e4 Qc7 13. c5 Rb8 14. Rab1 Na5 15. Qa4 Nc6 16. f4 b5 17. cxb6 Rxb6 18. Bd6 Qb7 19. Qc2 Ng4 20. Qd3 e5 21. Nxc6 Qxc6 22. h3 Qxd6 23. Qxd6 Rxd6 24. hxg4 Rc6 25. Rb8 d6 26. Rfb1 Kf8 27. f5 Rxc3 28. Ra8 Rxg3 29. Kf2 Rxg4 30. Bf3 Rf4 31. Ke3 d5 32. Rc1 d4+ 33. Ke2 Bd7 34. Rxe8+ Kxe8 0-1

[Event "Montreal Mercredi 10"]
[Site "Montreal CAN"]
[Date "2012.10.24"]
[Round "4"]
[White "Arsenault, Nicolas"]
[Black "Chiku-Ratte, Olivier-Kenta"]
[Result "1-0"]
[WhiteElo "2109"]
[BlackElo "2174"]
[PlyCount "65"]
[GameId "2160767909444992"]
[EventDate "2012.10.03"]
[EventType "swiss"]
[EventRounds "5"]
[EventCountry "CAN"]
[SourceTitle "EXT 2022"]
[Source "ChessBase"]
[SourceDate "2021.10.06"]
[SourceVersion "1"]
[SourceVersionDate "2021.10.06"]
[SourceQuality "1"]

1. e4 c5 2. Nf3 d6 3. d4 cxd4 4. Nxd4 Nf6 5. Nc3 g6 6. Be3 Bg7 7. f3 Nc6 8. Qd2 O-O 9. g4 Nxd4 10. Bxd4 Be6 11. Nd5 Bxd5 12. exd5 Rc8 13. h4 Qc7 14. Rh2 Nd7 15. Bxg7 Kxg7 16. O-O-O Ne5 17. Be2 Nc4 18. Bxc4 Qxc4 19. Kb1 h6 20. h5 g5 21. Re2 Rc7 22. Re4 Qc5 23. Rde1 Re8 24. a3 b5 25. Qd3 Qf2 26. R4e2 Qc5 27. Re4 Qf2 28. R1e2 Qf1+ 29. Ka2 a6 30. Re6 fxe6 31. Qg6+ Kf8 32. Qxh6+ Kg8 33. Qxg5+ 1-0

[Event "Montreal Mercredi 10"]
[Site "Montreal CAN"]
[Date "2012.10.24"]
[Round "4"]
[White "Baran, Marius"]
[Black "Lopez Linares, Cesar"]
[Result "0-1"]
[WhiteElo "1739"]
[BlackElo "1732"]
[PlyCount "52"]
[GameId "2160767909444993"]
[EventDate "2012.10.03"]
[EventType "swiss"]
[EventRounds "5"]
[EventCountry "CAN"]
[SourceTitle "EXT 2022"]
[Source "ChessBase"]
[SourceDate "2021.10.06"]
[SourceVersion "1"]
[SourceVersionDate "2021.10.06"]
[SourceQuality "1"]

1. d4 Nf6 2. e3 e6 3. Bd3 c5 4. c3 Nc6 5. Nd2 b6 6. Ngf3 Be7 7. O-O Bb7 8. Qe2 Qc7 9. Ne1 e5 10. dxe5 Nxe5 11. f3 Nxd3 12. Nxd3 d5 13. Nf2 Bd6 14. g3 h5 15. c4 O-O-O 16. Re1 Rde8 17. Qf1 h4 18. Qh3+ Kb8 19. g4 Nh7 20. Nf1 f5 21. gxf5 g6 22. Bd2 gxf5 23. Qxf5 Ref8 24. Qe6 Rxf3 25. e4 Be7 26. Qg6 Rff8 0-1

[Event "Montreal Mercredi 10"]
[Site "Montreal CAN"]
[Date "2012.10.24"]
[Round "4"]
[White "Cloutier, Mathieu"]
[Black "Cardin, Guillaume"]
[Result "1/2-1/2"]
[WhiteElo "2072"]
[BlackElo "2021"]
[PlyCount "120"]
[GameId "2160767909444994"]
[EventDate "2012.10.03"]
[EventType "swiss"]
[EventRounds "5"]
[EventCountry "CAN"]
[SourceTitle "EXT 2022"]
[Source "ChessBase"]
[SourceDate "2021.10.06"]
[SourceVersion "1"]
[SourceVersionDate "2021.10.06"]
[SourceQuality "1"]

1. e4 e5 2. Nf3 Nc6 3. Bb5 a6 4. Ba4 Nf6 5. O-O Be7 6. Re1 b5 7. Bb3 d6 8. c3 O-O 9. h3 Nb8 10. d4 Nbd7 11. Nbd2 Bb7 12. Bc2 Re8 13. Nf1 Bf8 14. Ng3 g6 15. b3 Rc8 16. Bb2 Bg7 17. Nh2 d5 18. dxe5 Nxe5 19. f4 Nc6 20. e5 Nd7 21. Qxd5 Qe7 22. Qd2 Rcd8 23. Qf2 Qe6 24. f5 gxf5 25. Bxf5 Qe7 26. e6 fxe6 27. Rxe6 Qf8 28. Nh5 Ne7 29. Nxg7 Qxg7 30. c4 Qxg2+ 31. Qxg2+ Bxg2 32. Bxh7+ Kxh7 33. Kxg2 Nc5 34. Re2 Nd3 35. Bc1 bxc4 36. bxc4 Ng6 37. Rxe8 Rxe8 38. Bg5 Re2+ 39. Kg3 Nde5 40. Ng4 Rc2 41. Nf6+ Kg7 42. Ne8+ Kf7 43. Nxc7 Rc3+ 44. Kg2 Rc2+ 45. Kg3 Rc3+ 46. Kf2 Rxh3 47. Kg2 Rc3 48. Rf1+ Kg8 49. Rc1 Ra3 50. Rc2 Nd3 51. Bd2 Ndf4+ 52. Kf2 Rh3 53. Nd5 Nxd5 54. cxd5 Rd3 55. Ke2 Rxd5 56. Rc6 Ne5 57. Rxa6 Kf7 58. a4 Nc4 59. Bc3 Rd6 60. Rxd6 Nxd6 1/2-1/2

[Event "Montreal Mercredi 10"]
[Site "Montreal CAN"]
[Date "2012.10.24"]
[Round "4"]
[White "Cote, Philippe"]
[Black "O'Connor, Michael"]
[Result "1/2-1/2"]
[WhiteElo "1739"]
[BlackElo "1691"]
[PlyCount "62"]
[GameId "2160767909444995"]
[EventDate "2012.10.03"]
[EventType "swiss"]
[EventRounds "5"]
[EventCountry "CAN"]
[SourceTitle "EXT 2022"]
[Source "ChessBase"]
[SourceDate "2021.10.06"]
[SourceVersion "1"]
[SourceVersionDate "2021.10.06"]
[SourceQuality "1"]

1. e4 c5 2. b4 d5 3. exd5 Qxd5 4. Bb2 cxb4 5. a3 Nf6 6. axb4 Bf5 7. Nc3 Qd8 8. Bb5+ Bd7 9. Nf3 e6 10. O-O Bxb4 11. Qe2 O-O 12. Bd3 Nc6 13. Rfe1 a6 14. Ne4 Be7 15. Nfg5 h6 16. Nxf6+ Bxf6 17. Bxf6 Qxf6 18. Nh7 Qd4 19. Nxf8 Kxf8 20. Rab1 b5 21. c3 Qd6 22. Qe4 f5 23. Qe2 e5 24. Ra1 Ra7 25. Bc2 Bc8 26. d4 Re7 27. dxe5 Nxe5 28. Qh5 Qf6 29. Rad1 Bd7 30. Re3 Be8 31. Qe2 f4 1/2-1/2

[Event "Montreal Mercredi 10"]
[Site "Montreal CAN"]
[Date "2012.10.24"]
[Round "4"]
[White "Dion, Etienne"]
[Black "Lacroix, Serge"]
[Result "1/2-1/2"]
[WhiteElo "1867"]
[BlackElo "1784"]
[PlyCount "95"]
[GameId "2160767909444996"]
[EventDate "2012.10.03"]
[EventType "swiss"]
[EventRounds "5"]
[EventCountry "CAN"]
[SourceTitle "EXT 2022"]
[Source "ChessBase"]
[SourceDate "2021.10.06"]
[SourceVersion "1"]
[SourceVersionDate "2021.10.06"]
[SourceQuality "1"]

1. e4 e5 2. Nf3 Nc6 3. Bc4 Bc5 4. b4 Bxb4 5. c3 Ba5 6. d4 exd4 7. O-O Nf6 8. e5 d5 9. exf6 dxc4 10. fxg7 Rg8 11. Re1+ Be6 12. Ng5 Qf6 13. Nxe6 fxe6 14. Qh5+ Kd7 15. Bh6 Qg6 16. Qh3 Rae8 17. Rd1 Qf5 18. Qxf5 exf5 19. cxd4 Re6 20. Bf4 Re4 21. Bh6 Rh4 22. Bg5 Rg4 23. h4 Rxd4 24. Na3 Bc3 25. Rab1 Ke6 26. Rxd4 Bxd4 27. Rxb7 Rxg7 28. Nxc4 Bb6 29. Nxb6 axb6 30. Bf4 Ne5 31. Kf1 Re7 32. Rb8 Nd3 33. Bg5 Rf7 34. Ke2 Nc5 35. f3 Kd5 36. Kd2 Ne6 37. Re8 Rg7 38. Re7 Rg8 39. Rf7 Ke5 40. g4 fxg4 41. fxg4 Nxg5 42. hxg5 Rxg5 43. Rxc7 Rxg4 44. Rxh7 Rg2+ 45. Kc3 Rxa2 46. Rb7 Ra6 47. Kc4 Kd6 48. Kb5 1/2-1/2

[Event "Montreal Mercredi 10"]
[Site "Montreal CAN"]
[Date "2012.10.24"]
[Round "4"]
[White "Lalonde, Paul"]
[Black "Barko, Maxim"]
[Result "1-0"]
[WhiteElo "1888"]
[BlackElo "1751"]
[PlyCount "61"]
[GameId "2160767909444997"]
[EventDate "2012.10.03"]
[EventType "swiss"]
[EventRounds "5"]
[EventCountry "CAN"]
[SourceTitle "EXT 2022"]
[Source "ChessBase"]
[SourceDate "2021.10.06"]
[SourceVersion "1"]
[SourceVersionDate "2021.10.06"]
[SourceQuality "1"]

1. e4 e6 2. d4 d5 3. Nc3 Bb4 4. e5 c5 5. a3 Bxc3+ 6. bxc3 Qc7 7. Nf3 Nc6 8. Bd3 Bd7 9. O-O c4 10. Be2 O-O-O 11. a4 f6 12. Re1 fxe5 13. Nxe5 Nxe5 14. dxe5 Qxe5 15. Be3 Nf6 16. Bxa7 Qxc3 17. a5 Bb5 18. Bb6 Rde8 19. Bf3 Rhf8 20. Re3 Qb4 21. Rb1 Qa4 22. Bc5 Ba6 23. Bxf8 Rxf8 24. Rxe6 Qxa5 25. Qd4 Rd8 26. Qa7 Qa2 27. Reb6 Rd7 28. Qa8+ Kc7 29. Rxb7+ Kd6 30. R7b6+ Ke7 31. Re1+ 1-0

[Event "Montreal Mercredi 10"]
[Site "Montreal CAN"]
[Date "2012.10.24"]
[Round "4"]
[White "Levkovsky, Alexandre"]
[Black "De Briey, Laurent"]
[Result "1-0"]
[WhiteElo "2247"]
[BlackElo "2224"]
[PlyCount "95"]
[GameId "2160767909444998"]
[EventDate "2012.10.03"]
[EventType "swiss"]
[EventRounds "5"]
[EventCountry "CAN"]
[SourceTitle "EXT 2022"]
[Source "ChessBase"]
[SourceDate "2021.10.06"]
[SourceVersion "1"]
[SourceVersionDate "2021.10.06"]
[SourceQuality "1"]

1. e4 c5 2. Nf3 g6 3. c3 Bg7 4. d4 cxd4 5. cxd4 d5 6. Bb5+ Nd7 7. e5 a6 8. Bd3 f6 9. exf6 exf6 10. O-O Ne7 11. Re1 Kf7 12. Nc3 Nb6 13. Bf4 Nc6 14. h3 Be6 15. a4 Re8 16. a5 Nc8 17. Qb3 Nxa5 18. Rxa5 Qxa5 19. Qxb7+ Ne7 20. Bc7 Bc8 21. Qxa8 Qxc7 22. Nxd5 Qb7 23. Qxb7 Bxb7 24. Nc7 Rd8 25. Bc4+ Nd5 26. Nxa6 Bxa6 27. Bxa6 Nb6 28. b3 Bf8 29. Bc4+ Kg7 30. Re6 Rd6 31. Rxd6 Bxd6 32. Kf1 h5 33. Ke2 g5 34. Nd2 f5 35. Bd3 Kf6 36. Nc4 Bc7 37. Ne3 f4 38. Nc4 Nd5 39. Be4 Ke6 40. Bxd5+ Kxd5 41. Kd3 Bd8 42. f3 Bf6 43. Ne5 Bd8 44. Nc4 Bf6 45. Nb6+ Kc6 46. Na4 Kb5 47. Nc3+ Ka5 48. Kc4 1-0